| 000 | 01507nam2a2200313 4500 | ||
|---|---|---|---|
| 001 | RU\NLR\bibl\1480076 | ||
| 005 | 20260405225921.0 | ||
| 010 |
_a978-5-85101-027-9 _9300 |
||
| 021 |
_aRU _b2009-108968 _96940 |
||
| 035 | _a(NLR Aleph) 001471734 | ||
| 090 |
_a1647924 _c1647924 |
||
| 100 | _a20100303d2009 |||y0rusy50 ca | ||
| 101 | 0 | _arus | |
| 102 | _aRU | ||
| 105 | _aa ||||||||| | ||
| 200 | 1 |
_aМетодологический кризис современной теоретической физики _dMethodological crisis of modern theoretical physics _zeng |
|
| 210 |
_d2009 _aБ. м. |
||
| 215 |
_a295 с. _cил. |
||
| 320 | _aБиблиогр.: с. 287-295 | ||
| 461 | 0 |
_1001RU\NLR\bibl\1488229 _12001#$aНачала эфиродинамического естествознания$vКн. 1 _91696435 _aАцюковский, В. А. (1930-2021) _cМосква _d2009 _fВ.А. Ацюковский _lStartup of etherdynamical natural science _nПетит _o[в 5 кн.] _tНачала эфиродинамического естествознания _vКн. 1 |
|
| 510 | 0 |
_6z33790 _aMethodological crisis of modern theoretical physics _zeng |
|
| 606 | 1 |
_aТеоретическая физика _xМетодология _92519193 _3RU\NLR\auth\661492926 |
|
| 686 | _aВ31с | ||
| 790 | 1 |
_4070 _8rus _7ba _aAcjukovskij _bV. A. _f1930- _gVladimir Akimovič _3RU\NLR\auth\77103948 _986873 |
|
| 801 | 0 |
_aRU _bNLR _c20100303 _gRCR |
|
| 801 | 1 |
_aRU _bNLR _c20100303 |
|
| 942 | _cBOOK | ||
| 980 | _aNB | ||